| 000 | 00479nam a2200133Ia 4500 | ||
|---|---|---|---|
| 008 | 150609s9999 xx 000 0 und d | ||
| 050 |
_aT 1 _b.C972 2015 |
||
| 100 | _aCunanan, Charleen L. | ||
| 245 |
_aTrex residence hall dormitory management system / _cCharleen L. Cunanan. |
||
| 260 |
_aLas PiƱas, Philippines : _bSISC, _c2015. |
||
| 300 |
_a129 pages : _billustrations ; _c28 cm. |
||
| 500 | _aIncludes bibliographical references and appendices. | ||
| 650 | _aManagement System | ||
| 999 |
_c285035 _d285035 |
||